000 00744cam a2200265 4500500
005 20260329005041.0
041 _afre
042 _adc
100 1 0 _ade Oliveira, Victorine
_eauthor
245 0 0 _aEndométriose : douleur et tabou
260 _c2022.
500 _a67
690 _aCamille Froidevaux-Metterie
690 _aDouleur
690 _aFemme
690 _aGrossesse
690 _aInvisible
690 _aJean-Claude Fondras
690 _aMédecine
690 _aPureté
690 _aRègles
690 _aSanté
786 0 _nPhilosophie magazine | 159 | 5 | 2022-05-01 | p. 18-19 | 1951-1787
856 4 1 _uhttps://shs.cairn.info/magazine-philosophie-magazine-2022-5-page-18?lang=fr&redirect-ssocas=7080
999 _c1839797
_d1839797